Fabricación en planta de pilotes de concreto preesforzado
Збережено в:
| Автор: | |
|---|---|
| Формат: | Невідомо |
| Опубліковано: |
[San José, Costa Rica]
1975
|
| Предмети: | |
| Теги: |
Додати тег
Немає тегів, Будьте першим, хто поставить тег для цього запису!
|
MARC
| LEADER | 00000 a2200000 4500 | ||
|---|---|---|---|
| 003 | 011521 | ||
| 005 | 20240820102707.0 | ||
| 008 | 140114s1975 cr a m 000 ||s d | ||
| 040 | |c cru CEDI | ||
| 090 | |a TFG 603 | ||
| 100 | |a Benavides Murillo, Adrián, 1938- |9 3550 | ||
| 245 | |a Fabricación en planta de pilotes de concreto preesforzado | ||
| 260 | |a [San José, Costa Rica] |c 1975 | ||
| 300 | |a 38 hojas : ilustraciones, fotografías | ||
| 500 | |a Proyecto (Ingeniero Civil) Universidad de Costa Rica | ||
| 501 | |a Director de Proyecto de Graduación: Ing. Eddy Hernández C. | ||
| 650 | |x PILOTES (INGENIERIA CIVIL) |x CONSTRUCCIONES DE HORMIGON ARMADO |9 16842 | ||
| 942 | |c TFG |h TFG 603 |i 011521 |6 TFG_603_011521000000000 | ||
| 999 | |c 12474 |d 12474 | ||
